000
00269nam a2200109Ia 4500
008
190919s9999||||xx |||||||||||||| ||und||
100
_a
Roopa Gosain
245
0
_a
World Famous Personalities
260
_a
Karachi
_b
Meyari Matbooaat
_c
1994
300
_a
484
942
_c
BK
999
_c
10812
_d
10812